Silage for the dairy herd /

Bibliographic Details
Main Author: Burleson, Richard E. (Author)
Format: Government Document Book
Language:English
Published: College Station, Texas : Agricultural Extension Service, Texas A. & M. College System, [1951]
Series:B (Texas Agricultural and Mechanical College System. Agricultural Extension Service) ; 186.
Subjects:
Online Access:Available online via OAK Trust Repository

MARC

Tag First Indicator Second Indicator Subfields
LEADER 00000cam a2200000Ii 4500
001 in00003710148
005 20170927140805.0
008 140129s1951 txu s000 0 eng d
035 |a (OCoLC)ocn869385559 
035 |a (OCoLC)869385559 
040 |a UIU  |b eng  |e rda  |c UIU  |d OCLCO  |d TXA  |d UtOrBLW 
043 |a n-us-tx 
049 |a TXAM 
086 |a Z TA245.7 B874 no. B-186  |2 txdocs 
090 |a S544.3.T4  |b T22 no. B-186 
092 |a 630.7  |b T314b 
100 1 |a Burleson, Richard E.,  |e author. 
245 1 0 |a Silage for the dairy herd /  |c by Richard E. Burleson, Associate Extension Dairy Husbandman ; R.E. Leighton, Associate Professor of Dairy Husbandry. 
264 1 |a College Station, Texas :  |b Agricultural Extension Service, Texas A. & M. College System,  |c [1951] 
300 |a 10 pages :  |b illustrations. 
336 |a text  |b txt  |2 rdacontent 
337 |a unmediated  |b n  |2 rdamedia 
338 |a volume  |b nc  |2 rdacarrier 
490 1 |a B / Extension Service ;  |v 186 
500 |a Title from cover. 
500 |a "15M-1-51." 
550 |a In cooperation with the United States Department of Agriculture. 
650 0 |a Silage.  |0 http://id.loc.gov/authorities/subjects/sh85122457 
650 0 |a Dairy cattle  |x Feeding and feeds.  |0 http://id.loc.gov/authorities/subjects/sh85035436 
650 3 |a silage. 
650 3 |a sorghum silage. 
650 3 |a dairy cows. 
650 3 |a feeds. 
653 |a trench silos 
710 1 |a United States.  |b Department of Agriculture,  |e issuing body.  |0 http://id.loc.gov/authorities/names/n79008243 
710 2 |a Texas Agricultural and Mechanical College System.  |b Agricultural Extension Service,  |e issuing body.  |0 http://id.loc.gov/authorities/names/no2014161616 
830 0 |a B (Texas Agricultural and Mechanical College System. Agricultural Extension Service) ;  |v 186. 
856 4 1 |z Available online via OAK Trust Repository  |u http://oaktrust.library.tamu.edu/handle/1969.1/156749  |t 0 
994 |a C0  |b TXA 
948 |a cataloged  |b h  |c 2016/7/11  |d o  |e lfurubot  |f 1:37:13 pm  |g AgBull project 
999 f f |s e95187c3-4abe-3066-affd-9a3721237042  |i 419a797a-9941-3727-8832-7862d712cffd  |t 0 
952 f f |a Texas A&M University  |b College Station  |c Electronic Resources  |d Available Online  |t 0  |e S544.3.T4 T22 no. B-186  |g Electronic  |h Library of Congress classification 
998 f f |a S544.3.T4 T22 no. B-186  |t 0  |l Available Online